Mario Kart 7 Tracks - Statistics

General Stats
  • This quiz has been taken 336 times
    316 since last reset
  • The average score is 24 of 32
Answer Stats
Cup Track % Correct
Special Rainbow Road
96%
Lightning SNES Rainbow Road
96%
Special Bowser's Castle
95%
Flower Mario Circuit
95%
Banana SNES Mario Circuit 2
95%
Mushroom Toad Circuit
91%
Mushroom Daisy Hills
79%
Mushroom Shy Guy Bazaar
77%
Banana Wii Coconut Mall
77%
Leaf Wii Maple Treeway
77%
Special DK Jungle
75%
Shell GBA Bowser's Castle 1
75%
Special Rosalina's Ice World
75%
Star Wario's Galleon/ Wario's Shipyard
75%
Lightning Wii Koopa Cape
75%
Star Wuhu Mountain Loop/Maka Wuhu
75%
Flower Alpine Pass/Rock Rock Mountain
74%
Banana DS Waluigi Pinball
74%
Flower Melody Motorway/Music Park
74%
Flower Wuhu Island Loop/Wuhu Loop
74%
Mushroom Cheep Cheep Lagoon
73%
Star Koopa City/Neo Bowser City
68%
Star Piranha Plant Pipeway/Piranha Plant Slide
68%
Lightning DS Airship Fortress
66%
Shell DS Luigi's Mansion
66%
Shell Wii Mushroom Gorge
65%
Banana N64 Koopa Troopa Beach
61%
Shell N64 Luigi Raceway
60%
Leaf GCN Daisy Cruiser
58%
Lightning GCN Dino Dino Jungle
58%
Leaf DS DK Pass
55%
Leaf N64 Kalimari Desert
54%
No matching quizzes found
Score Distribution
Percent of People with Each Score
Percentile by Number Answered
Your Score History
You have not taken this quiz since the last reset